000 01464cam a22003857a 4500
003 CHAP
005 20220817043816.0
008 011128d2001 mx d r 00110 spa d
010 _a85034
011 _a86006
035 _a96544
040 _cCHAP
090 _aTesis
100 0 0 _aCenobio Pedro, José Alejandro.
_920985
245 1 0 _aHabilidad competitiva de seis genotipos de frijol (Phaseolus vulgaris L.) hacia la maleza en Chapingo, México
_c/por José Alejandro Cenobio Pedro
260 _aChapingo, Méx. :
_bEl autor,
_c2001.
300 _a59 h. :
_bgráfs. ; cuadros
502 _aTesis ( Ing. Agr. Esp. en Parasitología Agrícola) -- UACH. Departamento de Parasitología Agrícoloa
590 _aALEPH
_b10
_c20130110
_lUCH01
_h1444
590 _aBATCH-UPD
_b10
_c20130110
_lUCH01
_h0249
590 _aBATCH-UPD
_b10
_c20130110
_lUCH01
_h1430
590 _aBATCH-UPD
_b10
_c20130409
_lUCH01
_h2319
590 _aBATCH-UPD
_b10
_c20130914
_lUCH01
_h0908
590 _aCONVERSION
_b10
_c20130109
_lUCH01
_h1347
650 1 4 _aFrijol
_xGenética.
650 1 4 _aFrijol
_xMalas hierbas.
_943400
650 1 4 _aFrijol
_xVariedades.
_943446
650 1 4 _aFrijol
_zMéxico (Edo.).
_943456
650 1 4 _aMalas hierbas
_xCompetencia.
_970009
901 _aBK
905 _aMarco A. Mendoza T.
942 _cFOLL
949 _aTesis
_bBC
_cTES
_d33724000857876
_eTS2
_fc.2
_gDonaciØn
_h38684
_i96544
_sb
949 _aTesis
_bBC
_cTES
_d96544
_eTS1
_gDonaciØn
_h38683
_i96544
_sb
999 _c85034
_d85034